|
|
|
|
| LEADER |
00864nam a22001817a 4500 |
| 008 |
191127b xxu||||| |||| 00| 0 eng d |
| 999 |
|
|
|c 27823
|d 27823
|
| 020 |
|
|
|a 9789380512952
|
| 082 |
|
|
|a 540
|b RAM
|
| 240 |
|
|
|a Rasathanthram jeevithamaakiyavar
|
| 245 |
|
|
|a രസതന്ത്രം ജീവിതമാക്കിയവര് /
|c എഡിറ്റര് : സി. ജി. രാമചന്ദ്രന് നായര്
|
| 250 |
|
|
|a 1st ed.
|
| 260 |
|
|
|a തൃശൂര് :
|b കേരള ശാസ്ത്രസാഹിത്യ പരിഷത്ത്,
|c 2012.
|
| 300 |
|
|
|a 326p.
|
| 650 |
|
|
|a Chemistry
|
| 700 |
|
|
|a Ramachandran Nair, C. G.
|e editor.
|
| 942 |
|
|
|2 ddc
|c BK
|
| 952 |
|
|
|0 0
|1 0
|2 ddc
|4 0
|6 540_000000000000000_RAM
|7 0
|9 38139
|a MAIN
|b MAIN
|d 2019-11-27
|e Kerala Sasthra sahithya parishath
|g 330.00
|o 540 RAM
|p 36566
|r 2019-11-27
|t 1
|w 2019-11-27
|y BK
|